000 00357nam a2200133Ia 4500
008 230921s9999||||xx |||||||||||||| ||und||
020 _a22120505
100 _a0
245 0 _aSupercritical Fluid Science and Technology
260 _c#N/A
_bElsevier
650 _a#N/A
856 _uhttps://www.sciencedirect.com/science/bookseries/22120505
942 _cEB
999 _c239859
_d239859